Manual de sociología de la religión /

Análisis crítico del pensamiento clásico y contemporáneo con respecto a la sociología de la religión presentado cronológicamente, desde los orígenes de la teología hasta el actual renacimiento del fanatismo puritano y en donde se explica el desarrollo de la disciplina, las tendencias e influencias t...

Ful tanımlama

Kaydedildi:
Detaylı Bibliyografya
Yazar: Cipriani, Roberto (autor)
Materyal Türü: Kitap
Dil:İspanyolca
Baskı/Yayın Bilgisi: Buenos Aires, Argentina : Siglo XXI, 2004, c2004
Seri Bilgileri:(Sociología y Política)
Konular:
Etiketler: Etiketle
Etiket eklenmemiş, İlk siz ekleyin!

MARC

LEADER 00000nam^a2200000^a^4500
001 000181369
005 20250521000000.0
009 20260310101929.488
020 |a 987-1105-94-0 
037 |a Acervo ITESO - Biblioteca 
041 |a ESP 
082 |a 306. 6  |b CIP 
100 |a Cipriani, Roberto  |e (autor) 
245 1 0 |a Manual de sociología de la religión /  |c R. Cipriani ; tr. por Verónica Roldán. 
264 4 |a Buenos Aires, Argentina :  |b Siglo XXI,  |c 2004, c2004 
300 |a 360 p. 
336 |a texto  |b txt  |2 rdacontenido 
337 |a sin mediación  |b n  |2 rdamedio 
338 |a volumen  |b nc  |2 rdasoporte 
440 1 |a (Sociología y Política) 
500 |a Traducción de: Manuale di Sociologia della Religione 
520 |a Análisis crítico del pensamiento clásico y contemporáneo con respecto a la sociología de la religión presentado cronológicamente, desde los orígenes de la teología hasta el actual renacimiento del fanatismo puritano y en donde se explica el desarrollo de la disciplina, las tendencias e influencias teóricas de cada pensador. 
649 |a XX 
650 |a Sociología de la Religión -  |x Historia 
650 |a Religión -  |x Historia 
650 |a Religión -  |x Filosofía 
650 |a Sociología 
910 |a Fondo General 
920 |a Impresos - Libros 
930 |a Colección General 
905 |a 101 
901 |a 0500121221  |b IT1  |c ACC  |u 20250521 
902 |a https://opac.biblio.iteso.mx/vufind/Record/000181369